000 00532nam a2200193Ia 4500
005 20250319055803.0
008 240331s9999 xx 000 0 und d
020 _a0761993258
082 _a302.23
_bIMA
_24170
245 0 _aImage Journeys:
_bAudio-Visual Media and Cultural Change in India
260 _aNew Delhi;
_aCalifornia;
_aLondon,
_bSAGE Publications
_c1999
300 _a339 p.,
650 _aMedia
650 _aSexuality
650 _aFeminism
700 _aBrosius, C
_eedt
700 _aButcher, M
_eedt
942 _cL
999 _c1115
_d1115